LEADER 00784nam 2200265 450 001 996689976203316 005 20260222125407.0 100 $a20251203d1976----km y0itay5003 ba 101 0 $aita 102 $aIT 105 $ay 00 y 200 1 $aCarte di credito$eterza generazione dei mezzi di pagamento$fPaolo Spada 210 $aPadova$cCEDAM$d1976 215 $a[483]-510 p.$d24 cm 300 $aEstratto da: Rivista di diritto civile, anno 22, n. 5, parte prima (1976) 606 0 $aCarte di credito$2BNCF 676 $a332.765 700 1$aSPADA,$bPaolo$f<1943- >$00 801 0$aIT$bcba$gREICAT 912 $a996689976203316 951 $aXVI.7.Misc. 795$b802 FBUO$cXVI.7.Misc. 959 $aBK 969 $aFBUO 996 $aCarte di credito$94459749 997 $aUNISA